000 00428nam a2200181Ia 4500
008 210210b1956 xxu||||| |||| 00| 0 eng d
041 _aeng
082 _a920/53
100 _aTOYNBEE (A J)
245 _aHistorians approach to religion
260 _aLondon
_bOxford University Press
_c1956
650 _ato
650 _areligion
650 _aHistorians
650 _aapproach
690 _aHistory
906 _a024795
999 _c150416
_d150416